02013nab a2200229uuc4500001000800000005001700008008004100025035001200066040001300078041000800091100004200099245010800141520120300249650001901452650002001471650001801491650001701509700004501526700002901571700002901600773015401629137573220240202115054.0140625e20130705 spa  a1375732 ccomduadb aspa10aQuiñones Bolaños, Edgar4auteaut10aRemoción de plomo y níquel en soluciones acuosas usando biomasas lignocelulósicas: una revisión3 aEn la presente revisión, se identifican los bioadsorbentes extraídos de biomasas residuales utilizadas en la remoción de dos metales pesados, que presenta una amplia toxicidad para el ambiente: plomo y níquel. Se evalúa la capacidad de remoción de los mismos, destacando aquellos en los que se han obtenido altos porcentajes de remoción, mostrando la cinética aplicada en estos experimentos. Se encontró, que los bioadsorbentes más usados incluyen residuos de madera, cáscaras de frutos secos, residuos de cereales y cítricos. Para la remoción de plomo (II), el bagazo de caña de azúcar, con una capacidad de remoción de 333mg/g y para el níquel (II), la corteza de Acacia, con una capacidad de remoción de 294,1mg/g, han sido los bioadsorbentes con mayor eficiencia de remoción. Se encuentra que, en la mayoría de los experimentos, la cinética del proceso de adsorción es regida por la ecuación cinética de pseudo-segundo orden. Se recomienda el diseño de plantas piloto para la remoción de iones metálicos con las biomasas que mostraron mayor capacidad de adsorción, con el fin de que estos procesos puedan ser llevados a escala industrial. aBioadsorbentes aIones metalicos aLignocelulosa 7aBiomasa2dcs10aTejada Tovar, Candelaria Nahir4auteaut10aArcia, César4auteaut10aRuiz, Víctor4auteaut0 tRevista U.D.C.A. : Actualidad y Divulgación Científica (Bogotá)gVolumen 16, Número 02, Diciembre 2013, p. 479-489w800922x0123-42260275134